| 000 | 00868nam a2200241 a 4500 | ||
|---|---|---|---|
| 001 | 83748 | ||
| 003 | BD-RjUL | ||
| 005 | 20240515102431.0 | ||
| 008 | 240515s2004 bg a|||| m||| 00| 0 eng d | ||
| 035 | _a(BD-RjUL)83748 | ||
| 040 |
_aBD-RjUL _beng _cBD-RjUL _dBD-RjUL |
||
| 041 | _aeng | ||
| 082 |
_223 _a581.43 _bSAL 2004 |
||
| 100 | _aSalam, Md. Abdus | ||
| 245 | 1 | 0 |
_aLimnological Profile and Seasonal Succession of Algal Plants in some Marshlands of Bagha, Rajshahi / _cBy Md. Abdus Salam ; _6Supervisor : M. Zaman |
| 260 |
_aRajshahi : _bDepartment of Botany, University of Rajshahi, _c2004 |
||
| 300 |
_aix, 233 Leaves : _bill, ; _c29 cm. |
||
| 502 | _aThesisi (Ph. D.) -- Department of Botany, University of Rajshahi, 2004 | ||
| 504 | _aReferences : Leaves [208]-221 | ||
| 650 |
_aSeasonal _2Plants |
||
| 700 |
_aZaman, M. Supervisor _95454 |
||
| 942 |
_2ddc _cTHE |
||
| 999 |
_c83748 _d83748 |
||